<?xml version="1.0" encoding="UTF-8"?>
<marc:record xmlns:marc="http://www.loc.gov/MARC21/slim">
   <marc:leader>00000nam a2200000 a 4500</marc:leader>
   <marc:datafield ind1="1" ind2=" " tag="100">
      <marc:subfield code="a">Funke, Cornelia</marc:subfield>
      <marc:subfield code="4">aut</marc:subfield>
      <marc:subfield code="e">Verfasser/-in</marc:subfield>
   </marc:datafield>
   <marc:datafield ind1="0" ind2="0" tag="245">
      <marc:subfield code="a">Drachenreiter</marc:subfield>
   </marc:datafield>
   <marc:datafield ind1="0" ind2="0" tag="245">
      <marc:subfield code="b">Jugendbuch</marc:subfield>
   </marc:datafield>
   <marc:datafield ind1=" " ind2="1" tag="264">
      <marc:subfield code="b">Dressler</marc:subfield>
      <marc:subfield code="c">2016</marc:subfield>
   </marc:datafield>
   <marc:datafield ind1="1" ind2=" " tag="490">
      <marc:subfield code="a">Drachenreiter</marc:subfield>
   </marc:datafield>
   <marc:datafield ind1="1" ind2=" " tag="520">
      <marc:subfield code="a">Eine abenteuerliche Reise liegt vor Lung, dem silbernen Drachen, und seinen Begleitern, dem Koboldmädchen Schwefelfell und dem Waisenjungen Ben. Sie sind auf der Suche nach einem sicheren Ort für Lungs Artgenossen, für die es in der Menschenwelt keinen Platz mehr zu geben scheint. Lung setzt seine ganze Hoffnung auf den sagenumwobenen "Saum des Himmels". Dort, irgendwo zwischen den Gipfeln des Himalaya versteckt, soll die ursprüngliche Heimat der Drachen liegen. Noch ahnen die drei jedoch nicht, dass es etwas viel Bedrohlicheres als die Menschen gibt - Nesselbrand den Goldenen, das gefährlichste Drachen jagende Ungeheuer, das die Welt je gesehen hat. Und er ist ihnen auch schon auf der Spur ...</marc:subfield>
   </marc:datafield>
   <marc:datafield ind1=" " ind2=" " tag="020">
      <marc:subfield code="a">9783791504544</marc:subfield>
      <marc:subfield code="9">9783791504544</marc:subfield>
   </marc:datafield>
</marc:record>
